000 01607nam a22002417a 4500
999 _c61390
_d61390
003 Ge_BSU
005 20240305120435.0
008 240305s2023 ge ||||| |||| 00| 0 geo d
020 _a9789941855498
041 _ageo
080 _a342(479.22)+364 ფ-64
100 _aფირცხალაშვილი, ანა
_98126
245 _aსოციალური სამართლის სახელმძღვანელო /
_c ანა ფირცხალაშვილი, ეკატერინე ქარდავა, პაატა ტურავა; რედაქტორი ანა ფირცხალაშვილი.
264 _aთბილისი :
_bფრიდრიხ ებერტის ფონდი,
_c2023.
300 _a412 გვ. ;
_b25 სმ.
500 _aნაშრომი მომზადებულია ფრიდრიხ ებერტის ფონდისა და საქართველოს ეროვნული უნივერსიტეტის სეუს მხარდაჭერით.
504 _aბიბლიოგრაფია ტექსტის შენიშვნებში და გვ. 389-399.
653 _aსამართალი
700 _aქარდავა, პაატა
_eავტორი
_921316
700 _aტურავა, პაატა
_eავტორი
_921317
856 _uhttps://dspace.nplg.gov.ge/bitstream/1234/478511/1/Socialuri_Samartlis_Saxelmdzghvanelo_2023.pdf
_yელ. ვერსია
942 _2udc
_cBK